Yŏnse Han'gugŏ. English version = Yonsei Korean 2 /

연세 한국어 2. English version = Yonsei Korean 2.
Bibliographic Details
Corporate Author: Yŏnse Taehakkyo Han'gugŏ Haktang p'yŏn
Format: Book
Language:Multiple
Korean
English
Published: Seoul : Yŏnse Taehakkyo Ch'ulp'anbu, 2007.
Subjects:
Classic Catalogue: View this record in Classic Catalogue
LEADER 01482nam a2200313 a 4500
001 00025820
003 BD-DhAAL
008 120826s2007 ko ab 001 0 mul d
020 |a 9788971418000 
040 |a BD-DhAAL  |c BD-DhAAL 
041 |a kor  |a eng 
082 0 4 |a 495.782  |2 22 
245 1 0 |6 880-01  |a Yŏnse Han'gugŏ.  |p English version = Yonsei Korean 2 /  |c Yŏnse Taehakkyo Han'gugŏ Haktang p'yŏn. 
246 2 |a Yonsei Korean 2 
260 |a Seoul :  |b Yŏnse Taehakkyo Ch'ulp'anbu,  |c 2007. 
300 |a v. :  |b ill. ;  |c 30 cm. + Computer optical discs (4 3/4 in.) 
500 |a Includes index. 
500 |a English version. Each set consists of : 2 books and 2 Audio CDs.  
541 |a 00025820 
546 |a Korean and English 
650 0 |a Korean language  |v Textbooks for foreign speakers.  |9 59422 
650 0 |a Korean language. 
710 2 |a Yŏnse Taehakkyo Han'gugŏ Haktang p'yŏn.  |9 59455 
852 1 |a Ayesha Abed Library  |c General Stacks 
880 |6 245-01  |a 연세 한국어 2.  |p English version = Yonsei Korean 2. 
942 |2 ddc  |c BK 
999 |c 12773  |d 12773 
952 |0 0  |1 0  |2 ddc  |4 0  |6 495_782000000000000_YON  |7 0  |9 21033  |a BRACUL  |b BRACUL  |c GEN  |d 2012-08-28  |e BIL  |g 2148.67  |l 1  |m 5  |o 495.782 YON  |p 3010025820  |r 2025-07-01  |s 2025-04-27  |t 1  |w 2012-08-28  |y BK  |x Transferred from King Sejong Institute (BIL) to BRACUL on 11/10/23 
952 |0 0  |1 0  |2 ddc  |4 0  |6 495_782000000000000_YON  |7 0  |9 21034  |a BRACUL  |b BRACUL  |c AV  |d 2012-08-28  |e BIL  |g 2148.67  |l 0  |o 495.782 YON  |p 4010025820  |r 2012-08-28  |t 1  |w 2012-08-28  |y AV